000 00347nmm a2200145 a 4500
003 AR-BaBNM
005 20251128202646.0
008 233119s1888 ||||||||||||||000 | spa||
040 _cAR-BaBNM
100 1 _aPiñeiro, Osvaldo M.
245 1 0 _aCondición jurídica de la mujer
260 _a[S.l.]
_bConi
_c1888
942 _cBK
998 _cMATO MOURAZOS
999 _c12
_d12